[Event "WA Open Blitz Championship"]
[Site "Chess.com"]
[Date "2020.05.25"]
[Round "?"]
[White "Gabunia, Davit"]
[Black "Chickering, Daniel"]
[Result "1-0"]
[WhiteElo "1747"]
[BlackElo "499"]
[PlyCount "97"]
[EventDate "2020.??.??"]
[EventType "blitz"]

1. d4 Nf6 2. c4 g6 3. Nc3 Bg7 4. e4 O-O 5. f3 d6 6. Be3 Qe8 7. Qd2 e5 8. d5 c6
9. g4 cxd5 10. cxd5 h6 11. Bxh6 Nh7 12. Bxg7 Kxg7 13. h4 Nf6 14. Nh3 Nbd7 15.
h5 gxh5 16. gxh5 Nxh5 17. Rg1+ Kf6 18. Qh6+ Ke7 19. Qxh5 Kd8 20. O-O-O Nc5 21.
Rg7 Bxh3 22. Bxh3 Rh8 23. Qg5+ Qe7 24. Rg8+ Rxg8 25. Qxg8+ Qe8 26. Qg5+ Qe7 27.
Qf5 Qd7 28. Qxd7+ Nxd7 29. Bxd7 Kxd7 30. Rg1 Rc8 31. Kd2 b6 32. Kd3 a5 33. Rg7
Ke7 34. Rg1 f6 35. Rg7+ Kf8 36. Rb7 Ke8 37. Rxb6 Rc7 38. Nb5 Rh7 39. Nxd6+ Ke7
40. Nf5+ Kf8 41. Rb8+ Kf7 42. Rb7+ Kg6 43. Rxh7 Kxh7 44. d6 Kg8 45. d7 Kf8 46.
d8=Q+ Kf7 47. Qe7+ Kg6 48. Qg7+ Kh5 49. Qg4# 1-0

[Event "WA Open Blitz Championship"]
[Site "Chess.com"]
[Date "2020.05.25"]
[Round "?"]
[White "Chickering, Daniel"]
[Black "Nallabothula, Varin"]
[Result "0-1"]
[WhiteElo "499"]
[BlackElo "1293"]
[PlyCount "84"]
[EventDate "2020.??.??"]
[EventType "blitz"]

1. e4 e5 2. Nf3 Nf6 3. Nxe5 d6 4. Nf3 Nxe4 5. d3 Nf6 6. Qe2+ Be7 7. Nc3 O-O 8.
Bg5 h6 9. Bxf6 Bxf6 10. O-O-O Re8 11. Qd2 Bg4 12. Be2 Nc6 13. Nd5 Bxf3 14. Bxf3
Bg5 15. Ne3 d5 16. Bxd5 Bxe3 17. Bxc6 Bxd2+ 18. Kxd2 bxc6 19. Kc3 Rb8 20. b3 c5
21. Kb2 Qd4+ 22. Kb1 Qxf2 23. Rhg1 Re7 24. Rdf1 Qxg1 25. Rxg1 Rbe8 26. Kb2 Re1
27. Rxe1 Rxe1 28. Kc3 Rg1 29. Kc4 Rxg2 30. Kxc5 Rxc2+ 31. Kb5 Rxa2 32. Kc6 Rxh2
33. Kxc7 Rd2 34. Kb7 Rxd3 35. Kxa7 Rxb3 36. Ka6 h5 37. Ka5 h4 38. Ka4 Rb8 39.
Ka3 h3 40. Ka2 h2 41. Ka3 h1=Q 42. Ka4 Qa1# 0-1

[Event "WA Open Blitz Championship"]
[Site "Chess.com"]
[Date "2020.05.25"]
[Round "?"]
[White "Cheng, Ethan"]
[Black "Chickering, Daniel"]
[Result "0-1"]
[WhiteElo "828"]
[BlackElo "499"]
[PlyCount "50"]
[EventDate "2020.??.??"]
[EventType "blitz"]

1. c4 e5 2. Nc3 Nf6 3. g3 Bb4 4. Bg2 Bxc3 5. bxc3 O-O 6. d4 exd4 7. cxd4 Nc6 8.
Nf3 d6 9. O-O Be6 10. d5 Bxd5 11. cxd5 Nb4 12. Ne1 Qe7 13. Nc2 Nxc2 14. Qxc2
Qe5 15. Bf4 Qh5 16. Rfd1 Rfe8 17. Rab1 Rxe2 18. Qxc7 Rb2 19. Rxb2 Qxd1+ 20. Bf1
Nxd5 21. Qxd6 Qf3 22. Rb1 Nc3 23. Ra1 Ne4 24. Be3 Nxd6 25. Bg2 Qf6 0-1

[Event "WA Open Blitz Championship"]
[Site "Chess.com"]
[Date "2020.05.25"]
[Round "?"]
[White "Chickering, Daniel"]
[Black "Rao, Pradeep"]
[Result "1-0"]
[WhiteElo "499"]
[BlackElo "1158"]
[PlyCount "113"]
[EventDate "2020.??.??"]
[EventType "blitz"]

1. e4 e5 2. Nf3 Nc6 3. Bb5 d6 4. O-O a6 5. Bxc6+ bxc6 6. Nc3 Nf6 7. d4 exd4 8.
Nxd4 c5 9. Nc6 Qd7 10. Na5 Be7 11. Re1 O-O 12. Nd5 Re8 13. Nxf6+ Bxf6 14. Qd5
Rb8 15. Nc6 Rb6 16. Na5 Rb5 17. Nc4 Bb7 18. Qd3 Bc6 19. e5 Bxe5 20. Nxe5 dxe5
21. Qxd7 Bxd7 22. b3 Bf5 23. Bb2 Bxc2 24. Bxe5 c6 25. Bd6 Rd8 26. Bc7 Rc8 27.
Rac1 Bg6 28. h3 h6 29. Bf4 Rd8 30. Rb1 Rd4 31. Be3 Bxb1 32. Bxd4 cxd4 33. Rxb1
c5 34. a4 Rb4 35. Kf1 Kf8 36. Ke1 Ke7 37. Kd2 Ke6 38. Kd3 Kd5 39. Kc2 Ke4 40.
Re1+ Kd5 41. Re7 c4 42. Rd7+ Ke4 43. bxc4 Rxc4+ 44. Kb3 Rc3+ 45. Kb4 d3 46.
Re7+ Kf5 47. Kxc3 Kf6 48. Ra7 Kf5 49. Kxd3 Kf4 50. Rxf7+ Kg5 51. Rxg7+ Kh4 52.
Ra7 h5 53. Rxa6 Kg5 54. Rc6 Kf4 55. a5 Ke5 56. a6 Kd5 57. Rc1 1-0

[Event "WA Open Blitz Championship"]
[Site "Chess.com"]
[Date "2020.05.25"]
[Round "?"]
[White "Jones, Davey"]
[Black "Chickering, Daniel"]
[Result "0-1"]
[WhiteElo "1819"]
[BlackElo "499"]
[PlyCount "56"]
[EventDate "2020.??.??"]
[EventType "blitz"]

1. e4 e5 2. Nf3 Nc6 3. Bb5 a6 4. Ba4 Nf6 5. O-O Bd6 6. Re1 O-O 7. d4 exd4 8.
Bxc6 dxc6 9. e5 Bb4 10. c3 dxc3 11. bxc3 Qxd1 12. Rxd1 Bxc3 13. Nxc3 Nd7 14.
Bf4 Nc5 15. a4 b5 16. axb5 Nb3 17. Rab1 Nc5 18. bxc6 Bf5 19. Rb2 Nd3 20. Rxd3
Bxd3 21. Rb7 Rac8 22. Nd5 Be4 23. Ne7+ Kh8 24. Nxc8 Rd8 25. Nd6 cxd6 26. exd6
Bxc6 27. Rxf7 h6 28. h3 Rb8 0-1

[Event "WA Open Blitz Championship"]
[Site "Chess.com"]
[Date "2020.05.25"]
[Round "?"]
[White "Chickering, Daniel"]
[Black "Gottumukkala, Anath"]
[Result "0-1"]
[WhiteElo "499"]
[BlackElo "1785"]
[PlyCount "66"]
[EventDate "2020.??.??"]
[EventType "blitz"]

1. e4 d6 2. d4 Nf6 3. Nc3 g6 4. Bg5 c6 5. Nf3 Bg7 6. Bd3 O-O 7. O-O Nbd7 8. h3
e5 9. dxe5 dxe5 10. Bxf6 Qxf6 11. Bc4 Qe7 12. Ne2 Nf6 13. Ng3 Bh6 14. Qe2 b5
15. Bb3 Bf4 16. Nh1 a5 17. a4 Ba6 18. axb5 Bxb5 19. Ba4 Bxe2 20. Bxc6 Rac8 21.
Bb7 Rc7 22. Rfe1 Bxf3 23. gxf3 Rxb7 24. Rxa5 Rxb2 25. Ng3 Bxg3 26. fxg3 Rxc2
27. f4 Qb4 28. Raa1 Nxe4 29. fxe5 Qd4+ 30. Kh1 Nf2+ 31. Kg1 Nxh3+ 32. Kh1 Qd5+
33. Re4 Qxe4# 0-1

[Event "WA Open Blitz Championship"]
[Site "Chess.com"]
[Date "2020.05.25"]
[Round "?"]
[White "Willy, Stephen"]
[Black "Chickering, Daniel"]
[Result "1-0"]
[WhiteElo "1137"]
[BlackElo "499"]
[PlyCount "39"]
[EventDate "2020.??.??"]
[EventType "blitz"]

1. e4 e5 2. Nf3 Nc6 3. Bc4 Bc5 4. Nc3 Nf6 5. d3 O-O 6. Bg5 h6 7. Bh4 Be7 8. Bg3
d6 9. h4 Bg4 10. Qd2 Bxf3 11. gxf3 Nb4 12. Rg1 d5 13. exd5 Nbxd5 14. Nxd5 Nxd5
15. Bxe5 f6 16. Qxh6 Rf7 17. Bxc7 Qd7 18. O-O-O Qxc7 19. Bxd5 Qa5 20. Qxg7# 1-0

[Event "WA Open Blitz Championship"]
[Site "Chess.com"]
[Date "2020.05.25"]
[Round "?"]
[White "Chung, Ethan"]
[Black "Chickering, Daniel"]
[Result "1-0"]
[WhiteElo "1373"]
[BlackElo "499"]
[PlyCount "87"]
[EventDate "2020.??.??"]
[EventType "blitz"]

1. e4 e5 2. Nf3 Nc6 3. Bc4 Bc5 4. b4 Bxb4 5. c3 Bc5 6. d4 exd4 7. O-O dxc3 8.
Bxf7+ Kxf7 9. Qd5+ Ke8 10. Qxc5 Qf6 11. Qxc3 Qxc3 12. Nxc3 d6 13. Bb2 Bg4 14.
Nd5 Bxf3 15. gxf3 Nf6 16. Nxc7+ Kd8 17. Nxa8 Kc8 18. Rfd1 Rd8 19. e5 dxe5 20.
Rxd8+ Kxd8 21. Re1 Nd7 22. f4 exf4 23. Bxg7 Kc8 24. Bh6 Nf6 25. Bxf4 Nd4 26.
Rc1+ Kd7 27. Kf1 Nd5 28. Rd1 Nxf4 29. Rxd4+ Ke6 30. Rxf4 Kd6 31. Rh4 Kc6 32.
Rxh7 b6 33. h4 b5 34. h5 a5 35. h6 a4 36. Rc7+ Kd6 37. h7 b4 38. h8=Q b3 39.
Qh6+ Kd5 40. Qc6+ Kd4 41. Qc5+ Kd3 42. Qc4+ Kd2 43. Qc3+ Kd1 44. Qc1# 1-0

[Event "WA Open Blitz Championship"]
[Site "Chess.com"]
[Date "2020.05.25"]
[Round "?"]
[White "Chickering, Daniel"]
[Black "Wong-Godfrey, Emerson"]
[Result "1-0"]
[WhiteElo "499"]
[BlackElo "1114"]
[PlyCount "115"]
[EventDate "2020.??.??"]
[EventType "blitz"]

1. e4 e6 2. d4 c5 3. Nf3 d5 4. exd5 exd5 5. Be3 Nf6 6. dxc5 Nc6 7. Bb5 a6 8.
Bxc6+ bxc6 9. O-O Bg4 10. h3 Bh5 11. Bg5 Be7 12. Re1 O-O 13. Qe2 Bxc5 14. Bxf6
Qxf6 15. Nc3 Rfe8 16. Qd3 Bg6 17. Rxe8+ Rxe8 18. Qxa6 h6 19. Qa5 Bd6 20. Qa4
Be4 21. Nd4 Bc5 22. Qxc6 Bxd4 23. Qxe8+ Kh7 24. Rf1 Qg5 25. g4 Bxc2 26. Qxf7
Qh4 27. Qxd5 Bxc3 28. bxc3 Qxh3 29. Qg2 Qh4 30. f3 Bd3 31. Rd1 Bg6 32. Qh2 Qf6
33. Qg2 Qxc3 34. Qf1 Qa3 35. Ra1 Bd3 36. Qd1 Bg6 37. Kg2 h5 38. Kg3 hxg4 39.
Qh1+ Kg8 40. Qd1 gxf3 41. Qxf3 Qd6+ 42. Qf4 Qd3+ 43. Qf3 Qd6+ 44. Kf2 Qd4+ 45.
Qe3 Qxa1 46. a3 Kh7 47. Qh3+ Kg8 48. Qc8+ Kf7 49. Qc7+ Kf6 50. Qc6+ Kg5 51.
Qd5+ Bf5 52. Qg2+ Kf6 53. Qc6+ Ke5 54. Qc5+ Ke4 55. Qe7+ Kf4 56. Qxg7 Qb2+ 57.
Qxb2 Bd7 58. Qd4+ 1-0

[Event "WA Open Blitz Championship"]
[Site "Chess.com"]
[Date "2020.05.25"]
[Round "?"]
[White "Bell, Harry"]
[Black "Chickering, Daniel"]
[Result "1-0"]
[WhiteElo "2000"]
[BlackElo "499"]
[PlyCount "67"]
[EventDate "2020.??.??"]
[EventType "blitz"]

1. Nf3 d5 2. d4 Nc6 3. Bf4 Nf6 4. e3 e6 5. c4 dxc4 6. Bxc4 Bd6 7. Bg5 O-O 8.
Nc3 e5 9. O-O exd4 10. Nxd4 Nxd4 11. Qxd4 c5 12. Qh4 Be7 13. Rfd1 Bd7 14. Ne4
Nxe4 15. Bxe7 g5 16. Qxe4 Re8 17. Rd5 Rxe7 18. Rxg5+ Kf8 19. Qh4 Bc6 20. Qxh7
Ke8 21. Rg8+ Kd7 22. Rd1+ Kc7 23. Rgxd8 Rxd8 24. Rxd8 Kxd8 25. Bxf7 Rd7 26.
Qg8+ Kc7 27. h4 Kb6 28. h5 Bd5 29. Bxd5 Kb5 30. h6 c4 31. Qe8 Kb4 32. Qxd7 b5
33. Qd6+ Ka4 34. Qa3# 1-0

[Event "WA Open Blitz Championship"]
[Site "Chess.com"]
[Date "2020.05.25"]
[Round "?"]
[White "Stein, Benjamin"]
[Black "Velea, Stephanie"]
[Result "1/2-1/2"]
[WhiteElo "353"]
[BlackElo "1700"]
[PlyCount "129"]
[EventDate "2020.??.??"]
[EventType "blitz"]

1. e4 c5 2. Nc3 Nc6 3. f4 g6 4. Nf3 Bg7 5. Bc4 e6 6. d3 Nge7 7. Be3 b6 8. O-O
O-O 9. d4 d5 10. exd5 exd5 11. Bb3 c4 12. Ba4 Bd7 13. Bxc6 Bxc6 14. Ne5 Bb7 15.
Bf2 Nc6 16. Nxc6 Bxc6 17. Re1 Re8 18. Rxe8+ Qxe8 19. Qe2 Qxe2 20. Nxe2 Re8 21.
Kf1 b5 22. c3 a5 23. g3 b4 24. Rb1 Bd7 25. cxb4 axb4 26. a3 Bf5 27. Rc1 bxa3
28. bxa3 Ra8 29. Ra1 Bf8 30. a4 Bb4 31. Be1 Bxe1 32. Kxe1 Bd7 33. a5 Kf8 34.
Nc3 Bc6 35. Ke2 Ke7 36. Kf3 f5 37. g4 Kf6 38. g5+ Kf7 39. h4 Rb8 40. Ke3 Rb3
41. Kd2 Rb2+ 42. Kc1 Rb8 43. a6 Ke7 44. Na4 Bxa4 45. Rxa4 Kd7 46. Ra5 Kc6 47.
Rc5+ Kb6 48. Rxd5 Kxa6 49. Rc5 Rb4 50. Kc2 Kb6 51. Kc3 Rb3+ 52. Kxc4 Rh3 53.
Re5 Rxh4 54. Re7 Rxf4 55. Rxh7 Rg4 56. Kd3 Rxg5 57. d5 Rg1 58. Kc4 Rc1+ 59. Kd4
Re1 60. d6 g5 61. d7 Rd1+ 62. Ke5 Kc7 63. Kxf5 Rxd7 64. Rxd7+ Kxd7 65. Kxg5
1/2-1/2

[Event "WA Open Blitz Championship"]
[Site "Chess.com"]
[Date "2020.05.25"]
[Round "?"]
[White "Rodriguez, Odysseus"]
[Black "Stein, Benjamin"]
[Result "1/2-1/2"]
[WhiteElo "1499"]
[BlackElo "353"]
[PlyCount "51"]
[EventDate "2020.??.??"]
[EventType "blitz"]

1. d4 Nf6 2. Nf3 d5 3. e3 c5 4. b3 Nc6 5. Bd3 Bg4 6. O-O Bxf3 7. Qxf3 cxd4 8.
exd4 Nxd4 9. Qd1 e6 10. Bb2 Nc6 11. Re1 Qc7 12. Nc3 Qb6 13. a4 a5 14. Rc1 Bc5
15. Re2 Ng4 16. Qe1 Bb4 17. h3 Nf6 18. Rxe6+ fxe6 19. Qxe6+ Kf8 20. Nxd5 Nxd5
21. Qxd5 Qd8 22. Qf5+ Ke8 23. Qh5+ Kf8 24. Qf5+ Ke8 25. Qh5+ Kf8 26. Qf5+
1/2-1/2

[Event "WA Open Blitz Championship"]
[Site "Chess.com"]
[Date "2020.05.25"]
[Round "?"]
[White "Stein, Benjamin"]
[Black "Stein, Daniel"]
[Result "0-1"]
[WhiteElo "353"]
[BlackElo "1555"]
[PlyCount "26"]
[EventDate "2020.??.??"]
[EventType "blitz"]

1. e4 e5 2. Nc3 Nf6 3. Nf3 Nc6 4. Bc4 Nxe4 5. Nxe4 d5 6. Bxd5 Qxd5 7. Nc3 Qd6
8. O-O Bg4 9. d3 Nd4 10. Be3 Nxf3+ 11. gxf3 Bh3 12. Re1 Qg6+ 13. Kh1 Qg2# 0-1

[Event "WA Open Blitz Championship"]
[Site "Chess.com"]
[Date "2020.05.25"]
[Round "?"]
[White "Willy, Stephen"]
[Black "Stein, Benjamin"]
[Result "1-0"]
[WhiteElo "1137"]
[BlackElo "353"]
[PlyCount "99"]
[EventDate "2020.??.??"]
[EventType "blitz"]

1. e4 e5 2. Nf3 Nc6 3. Bc4 Nf6 4. Ng5 d5 5. exd5 Na5 6. Bb3 Nxb3 7. axb3 Nxd5
8. Nc3 Nxc3 9. dxc3 Qxd1+ 10. Kxd1 h6 11. Nf3 e4 12. Re1 f5 13. Nh4 Kf7 14. g3
Bc5 15. Be3 Bxe3 16. fxe3 g5 17. Ng2 Be6 18. Rf1 Rad8+ 19. Kc1 a6 20. g4 Kg6
21. gxf5+ Bxf5 22. h4 Bh3 23. Rg1 Rhf8 24. Nf4+ Kg7 25. Nxh3 Kh7 26. hxg5 h5
27. g6+ Kh6 28. Nf4 Rf5 29. Ra4 Rg5 30. Rxg5 Kxg5 31. Ne6+ Kxg6 32. Nxd8 h4 33.
Rxe4 h3 34. Rh4 Kf6 35. Rxh3 Ke7 36. Nxb7 Kd7 37. Nc5+ Kc6 38. Nxa6 Kb7 39. Nb4
c5 40. e4 cxb4 41. e5 Kc7 42. Rd3 bxc3 43. bxc3 Kc6 44. e6 Kc7 45. e7 Kc6 46.
e8=Q+ Kc7 47. Qd8+ Kc6 48. Qd7+ Kc5 49. Qd6+ Kb5 50. Rd5# 1-0

[Event "WA Open Blitz Championship"]
[Site "Chess.com"]
[Date "2020.05.25"]
[Round "?"]
[White "Rao, Pradeep"]
[Black "Stein, Benjamin"]
[Result "0-1"]
[WhiteElo "1158"]
[BlackElo "353"]
[PlyCount "150"]
[EventDate "2020.??.??"]
[EventType "blitz"]

1. e4 e5 2. Bc4 Nc6 3. Nc3 Nf6 4. Nf3 Bc5 5. d3 O-O 6. Bg5 h6 7. Bxf6 Qxf6 8.
Nd5 Qd8 9. O-O d6 10. a3 Be6 11. b4 Bd4 12. Rc1 Bxd5 13. exd5 Ne7 14. c3 Bb6
15. Bb3 a5 16. b5 a4 17. Ba2 Qd7 18. c4 Bc5 19. Rc3 Ng6 20. g3 Qg4 21. Bb1 Bd4
22. Rc2 b6 23. Nxd4 Qxd4 24. Re2 Qc5 25. Ra2 f5 26. Re1 f4 27. Ree2 fxg3 28.
hxg3 Ne7 29. Kg2 Nf5 30. Red2 Nd4 31. Bc2 Nf3 32. Re2 Qd4 33. Re4 Qc3 34. Bxa4
Ng5 35. Ree2 Qd4 36. Re3 Kh8 37. Bc2 Qc5 38. a4 Qb4 39. Qb1 Qxb1 40. Bxb1 Ra5
41. Bc2 Kg8 42. Ra1 Re8 43. Rae1 Rf8 44. Rf1 Rf7 45. f4 exf4 46. Rxf4 Nh7 47.
Re8+ Nf8 48. Rxf7 Kxf7 49. Rc8 Nd7 50. Rxc7 Ke7 51. Rc6 Nf8 52. Rc7+ Nd7 53.
Rb7 Kd8 54. Bd1 Kc8 55. Rxd7 Kxd7 56. Bc2 Ke7 57. Kf3 Kf6 58. Kf4 g5+ 59. Ke4
h5 60. Bd1 h4 61. Kf3 hxg3 62. Kxg3 Ke5 63. Kg4 Kd4 64. Be2 Rxa4 65. Kxg5 Ra2
66. Bg4 Kxd3 67. Bf5+ Kxc4 68. Kf6 Kxd5 69. Bd7 Ra5 70. Bc6+ Kc5 71. Ke7 Rxb5
72. Bxb5 Kxb5 73. Kxd6 Kc4 74. Kc6 b5 75. Kb6 b4 0-1

[Event "WA Open Blitz Championship"]
[Site "Chess.com"]
[Date "2020.05.25"]
[Round "?"]
[White "Stein, Benjamin"]
[Black "Lopez, Francisco"]
[Result "0-1"]
[WhiteElo "353"]
[BlackElo "1778"]
[PlyCount "84"]
[EventDate "2020.??.??"]
[EventType "blitz"]

1. e4 e5 2. f4 exf4 3. Nf3 Nf6 4. e5 Nh5 5. g4 fxg3 6. Nd4 Qh4 7. Nf3 g2+ 8.
Nxh4 gxh1=Q 9. Qxh5 Qe4+ 10. Be2 Bc5 11. Nc3 Qh1+ 12. Bf1 Qxh2 13. Ne4 Be7 14.
Nf5 Qxe5 15. Qg4 d5 16. c3 Qxe4+ 17. Qxe4 dxe4 18. Nxg7+ Kf8 19. Nh5 h6 20. Ng3
Bg4 21. Nxe4 c6 22. d4 f5 23. Nf2 Nd7 24. Bc4 Nb6 25. Bb3 Re8 26. Be3 Bg5 27.
Nxg4 fxg4 28. Kd1 Rxe3 29. Kc2 Ke7 30. Rf1 Rf8 31. Rd1 Rf2+ 32. Kc1 Rxc3+ 33.
Kb1 Rxb3 34. axb3 Nd5 35. Re1+ Kd6 36. Rd1 g3 37. Rg1 g2 38. Ka2 a5 39. Ka3 Nf4
40. Ka4 Rf1 41. Rxf1 gxf1=Q 42. Kxa5 Qb5# 0-1

[Event "WA Open Blitz Championship"]
[Site "Chess.com"]
[Date "2020.05.25"]
[Round "?"]
[White "Suess, Wade"]
[Black "Stein, Benjamin"]
[Result "1-0"]
[WhiteElo "1195"]
[BlackElo "353"]
[PlyCount "121"]
[EventDate "2020.??.??"]
[EventType "blitz"]

1. e4 e5 2. Nf3 Nc6 3. d4 exd4 4. Nxd4 Qh4 5. Nc3 Bb4 6. Nxc6 Qxe4+ 7. Qe2
Qxe2+ 8. Bxe2 Bxc3+ 9. bxc3 dxc6 10. O-O Nf6 11. Bf4 Nd5 12. Be5 f6 13. Bd4 O-O
14. Bc4 Kh8 15. Rfe1 b5 16. Bxd5 cxd5 17. Re7 Bb7 18. Rxc7 Rab8 19. Bxa7 Rbc8
20. Rxb7 Rxc3 21. Rxb5 Rxc2 22. Rxd5 Rfc8 23. Be3 f5 24. Rxf5 g6 25. Rd5 Rb8
26. Bh6 Rcb2 27. Rdd1 Kg8 28. h3 Kh8 29. Bc1 Rc2 30. Rd2 Rc3 31. Bb2 Rxb2 32.
Rxb2 Kg7 33. Rb3 Rc4 34. Rab1 Rc5 35. Rb5 Rc4 36. Rb7+ Kh6 37. Kh2 Rc2 38. Kg3
Rxa2 39. f3 Ra4 40. R7b4 Ra5 41. Rb7 Rg5+ 42. Kh2 Kh5 43. R1b5 Rxb5 44. Rxb5+
Kh6 45. Rb7 Kh5 46. Rxh7+ Kg5 47. Kg3 Kf5 48. h4 Kf6 49. h5 g5 50. Kg4 Ke6 51.
Kxg5 Kd6 52. f4 Kd5 53. f5 Kc5 54. f6 Kc4 55. f7 Kd4 56. f8=Q Kd3 57. Re7 Kc3
58. Qd8 Kc4 59. Rc7+ Kb4 60. Qb8+ Ka4 61. Ra7# 1-0

[Event "WA Open Blitz Championship"]
[Site "Chess.com"]
[Date "2020.05.25"]
[Round "?"]
[White "Tang, Ryan"]
[Black "Stein, Benjamin"]
[Result "1-0"]
[WhiteElo "693"]
[BlackElo "353"]
[PlyCount "29"]
[EventDate "2020.??.??"]
[EventType "blitz"]

1. e4 e5 2. Nf3 Nc6 3. Nc3 Nf6 4. Bc4 Bc5 5. d3 O-O 6. Bg5 h6 7. Bh4 d6 8. Nd5
Be6 9. Nxf6+ gxf6 10. Qd2 Bb4 11. c3 Bxc4 12. dxc4 Bc5 13. Qxh6 Qd7 14. Bxf6
Qg4 15. Qh8# 1-0

[Event "WA Open Blitz Championship"]
[Site "Chess.com"]
[Date "2020.05.25"]
[Round "?"]
[White "Zhang, Michael M."]
[Black "Stein, Benjamin"]
[Result "1/2-1/2"]
[WhiteElo "977"]
[BlackElo "353"]
[PlyCount "91"]
[EventDate "2020.??.??"]
[EventType "blitz"]

1. e4 e5 2. Nf3 Nc6 3. Nc3 Nf6 4. Bb5 Bc5 5. Nxe5 Nxe5 6. d4 Bxd4 7. Qxd4 Nc6
8. Bxc6 bxc6 9. O-O O-O 10. Bg5 h6 11. Bxf6 Qxf6 12. Qxf6 gxf6 13. Rfe1 Kg7 14.
Re3 Kh7 15. Rg3 d6 16. Re1 f5 17. exf5 Bxf5 18. Ree3 d5 19. Ref3 Rfe8 20. h3
Be4 21. Rxf7+ Kh8 22. Rgg7 Bxc2 23. Kh2 Rg8 24. Rxg8+ Kxg8 25. Rxc7 Rb8 26.
Rxc6 Rxb2 27. Nxd5 Be4 28. Rc8+ Kf7 29. Ne3 Rxf2 30. Rc7+ Ke6 31. Rxa7 Re2 32.
Ra6+ Kd7 33. Rxh6 Rxe3 34. a4 Ra3 35. Ra6 Bc6 36. a5 Bb5 37. Ra7+ Kc6 38. h4
Kc5 39. h5 Re3 40. h6 Re8 41. a6 Rh8 42. h7 Kb6 43. Rg7 Kxa6 44. Rg6+ Ka5 45.
Kh3 Rxh7+ 46. Kg3 1/2-1/2

[Event "WA Open Blitz Championship"]
[Site "Chess.com"]
[Date "2020.05.25"]
[Round "?"]
[White "Pai, Kushal"]
[Black "Desai, Samara"]
[Result "1-0"]
[WhiteElo "1687"]
[BlackElo "195"]
[PlyCount "65"]
[EventDate "2020.??.??"]
[EventType "blitz"]

1. e4 e5 2. Nf3 Nc6 3. Bc4 Be7 4. O-O Nf6 5. Re1 O-O 6. c3 a6 7. d4 b5 8. Bb3
exd4 9. cxd4 d6 10. Nc3 Bg4 11. Be3 Bxf3 12. Qxf3 Qd7 13. Rad1 Nb4 14. e5 dxe5
15. dxe5 Qe6 16. Bxe6 Nc2 17. Re2 Nxe3 18. Bxf7+ Rxf7 19. Qxe3 Rff8 20. exf6
Bxf6 21. Qe6+ Kh8 22. Nd5 Bxb2 23. Rxb2 Rfe8 24. Qg4 Red8 25. Nxc7 Rxd1+ 26.
Qxd1 Rc8 27. Qd7 Rf8 28. Re2 h6 29. Re8 Rxe8 30. Qxe8+ Kh7 31. Ne6 a5 32. Qf7
h5 33. Qxg7# 1-0

[Event "WA Open Blitz Championship"]
[Site "Chess.com"]
[Date "2020.05.25"]
[Round "?"]
[White "Desai, Samara"]
[Black "Rao, Pradeep"]
[Result "0-1"]
[WhiteElo "195"]
[BlackElo "1158"]
[PlyCount "116"]
[EventDate "2020.??.??"]
[EventType "blitz"]

1. e4 e5 2. Nf3 Nc6 3. d4 exd4 4. Nxd4 Nf6 5. Nxc6 bxc6 6. e5 Nd5 7. Bc4 Qe7 8.
Bxd5 Qxe5+ 9. Be3 cxd5 10. O-O Be7 11. Nc3 c6 12. Qd4 Qxd4 13. Bxd4 O-O 14.
Rfe1 Bb4 15. a3 Ba5 16. b4 Bb6 17. Bxb6 axb6 18. Rad1 Rxa3 19. Ne2 Ba6 20. Nf4
Ra2 21. Ra1 Rxa1 22. Rxa1 Bc4 23. h3 g6 24. Ra7 Rd8 25. Rb7 b5 26. c3 Kf8 27.
g4 Ke7 28. Ng2 Kd6 29. Ne3 Bd3 30. Ra7 f5 31. gxf5 gxf5 32. Ra1 Rg8+ 33. Kh2
Be4 34. Rf1 f4 35. Nd1 Rg2+ 36. Kh1 Rxf2+ 37. Kg1 Rg2+ 38. Kh1 Rc2+ 39. Kg1 f3
40. Ne3 Re2 41. Nf5+ Bxf5 42. Rxf3 Be4 43. Rf6+ Kc7 44. Kf1 Re3 45. Rh6 Rxc3
46. Ke2 Rb3 47. h4 Rxb4 48. Rg6 Bxg6 49. Kf3 Rxh4 50. Kg3 Re4 51. Kf3 b4 52.
Kg3 b3 53. Kf3 b2 54. Kg3 b1=Q 55. Kf3 Qb3+ 56. Kf2 Rc4 57. Ke2 Rc2+ 58. Kd1
Qb1# 0-1

[Event "WA Open Blitz Championship"]
[Site "Chess.com"]
[Date "2020.05.25"]
[Round "?"]
[White "Bhatia, Tanush"]
[Black "Desai, Samara"]
[Result "1-0"]
[WhiteElo "1091"]
[BlackElo "195"]
[PlyCount "91"]
[EventDate "2020.??.??"]
[EventType "blitz"]

1. d4 d5 2. c4 e6 3. Nc3 Be7 4. Bf4 Nf6 5. e3 O-O 6. Nf3 b6 7. cxd5 Bb7 8. dxe6
fxe6 9. Bc4 Bxf3 10. Bxe6+ Kh8 11. Qxf3 Nc6 12. Qxc6 Rc8 13. Bxc8 Qxc8 14. Qxc7
Qxc7 15. Bxc7 Rc8 16. Be5 Ng4 17. Bg3 Bb4 18. Rc1 Bxc3+ 19. Rxc3 Rxc3 20. bxc3
Nf6 21. O-O Nd5 22. a4 Nxc3 23. Kh1 Nxa4 24. Rc1 g6 25. Be5+ Kg8 26. Rc8+ Kf7
27. Rc7+ Ke6 28. Rxa7 Kd5 29. Rxa4 Kc6 30. Ra7 Kb5 31. Rxh7 Kc4 32. Rh6 Kd3 33.
Rxg6 Ke2 34. Rxb6 Kd3 35. Rh6 Kc4 36. Bg3 Kd3 37. d5 Kc4 38. d6 Kd5 39. d7 Ke4
40. d8=Q Kf5 41. Qf6+ Ke4 42. Rh4+ Kd3 43. Qd4+ Ke2 44. Qb2+ Kf1 45. Rc4 Ke1
46. Rc1# 1-0

[Event "WA Open Blitz Championship"]
[Site "Chess.com"]
[Date "2020.05.25"]
[Round "?"]
[White "Desai, Samara"]
[Black "Metzmaker, Suya"]
[Result "0-1"]
[WhiteElo "195"]
[BlackElo "801"]
[PlyCount "62"]
[EventDate "2020.??.??"]
[EventType "blitz"]

1. e4 e5 2. Nf3 Nc6 3. d4 exd4 4. Nxd4 Nf6 5. Nxc6 bxc6 6. e5 Nd5 7. Bc4 Bc5 8.
Bxd5 cxd5 9. Qxd5 Bb6 10. Qxa8 c6 11. O-O O-O 12. Be3 Re8 13. Bxb6 Qxb6 14. Nc3
Kf8 15. Rab1 Ba6 16. Na4 Qc7 17. Qxe8+ Kxe8 18. Rfe1 Qa5 19. b3 Kf8 20. a3 Qd8
21. Nc5 Bb5 22. Nb7 Qb6 23. Nd6 Ba6 24. Nc4 Qd8 25. Nd6 Qg5 26. Nc4 Bb7 27. Na5
Ba6 28. Rbd1 Ke7 29. Nc4 c5 30. Rd6 Bb7 31. Na5 Qxg2# 0-1

[Event "WA Open Blitz Championship"]
[Site "Chess.com"]
[Date "2020.05.25"]
[Round "?"]
[White "Desai, Samara"]
[Black "Bablani, Arnav"]
[Result "0-1"]
[WhiteElo "195"]
[BlackElo "909"]
[PlyCount "70"]
[EventDate "2020.??.??"]
[EventType "blitz"]

1. e4 e5 2. Nf3 Nc6 3. d4 exd4 4. Nxd4 Bc5 5. Nxc6 bxc6 6. Qf3 d6 7. Bc4 Nf6 8.
O-O O-O 9. Qg3 Nxe4 10. Qf3 Nf6 11. Qg3 Bg4 12. h3 Be6 13. Bh6 Nh5 14. Be2 Nxg3
15. Bd2 Qf6 16. Kh2 Qxb2 17. Nc3 Nf5 18. Bd3 g6 19. Bxf5 Bxf5 20. Bh6 Rfe8 21.
Na4 Qxc2 22. Nxc5 Qxc5 23. Rac1 Qb5 24. Rc3 Qe5+ 25. g3 Qxc3 26. Rb1 Bc2 27.
Rc1 Qd3 28. a4 Bxa4 29. Ra1 Qd4 30. Rc1 Rab8 31. Rc2 Bxc2 32. g4 Qxf2+ 33. Kh1
Re7 34. Be3 Rxe3 35. h4 Re1# 0-1

[Event "WA Open Blitz Championship"]
[Site "Chess.com"]
[Date "2020.05.25"]
[Round "?"]
[White "Rodriguez, Odysseus"]
[Black "Desai, Samara"]
[Result "1-0"]
[WhiteElo "1499"]
[BlackElo "195"]
[PlyCount "45"]
[EventDate "2020.??.??"]
[EventType "blitz"]

1. d4 d5 2. Nf3 e6 3. e3 Nf6 4. Bd3 Be7 5. O-O O-O 6. b3 b6 7. Bb2 Bb7 8. c4
Nbd7 9. Ne5 Nxe5 10. dxe5 Ne4 11. f4 dxc4 12. Bxc4 Nc5 13. Qh5 b5 14. Be2 Qd5
15. Bf3 Ne4 16. Rd1 Qc6 17. Nc3 f5 18. exf6 Bxf6 19. Nxe4 Qc2 20. Nxf6+ Rxf6
21. Bxb7 Rb8 22. Bxf6 Rxb7 23. Rd8# 1-0

[Event "WA Open Blitz Championship"]
[Site "Chess.com"]
[Date "2020.05.25"]
[Round "?"]
[White "Desai, Samara"]
[Black "Zhang, Michael M."]
[Result "1-0"]
[WhiteElo "195"]
[BlackElo "977"]
[PlyCount "55"]
[EventDate "2020.??.??"]
[EventType "blitz"]

1. e4 e5 2. Nf3 Nc6 3. d4 exd4 4. Nxd4 Bc5 5. Nxc6 bxc6 6. Qf3 Nf6 7. Nc3 Qe7
8. Bg5 h6 9. Bxf6 g6 10. Bxe7 Bxe7 11. Bc4 Rf8 12. O-O d6 13. Rfe1 h5 14. e5
dxe5 15. Qxc6+ Bd7 16. Qxa8+ Bd8 17. Qxa7 f6 18. Qa8 g5 19. Re2 g4 20. Rae1 h4
21. Rxe5+ fxe5 22. Rxe5+ Be6 23. Rxe6+ Kd7 24. Qd5+ Kc8 25. Qa8+ Kd7 26. Qd5+
Kc8 27. Ba6+ Kb8 28. Qb7# 1-0